| 000 | 00897nmc a2200301 a 4500 | ||
|---|---|---|---|
| 003 | AR-BaBNM | ||
| 005 | 20251128203941.0 | ||
| 008 | 215019s1990 ||||||||||||||000 | spa|| | ||
| 020 | _a84-7046-313-6 | ||
| 040 | _cAR-BaBNM | ||
| 100 | 1 | _aMartínez Roda, Federico | |
| 245 | 1 | 0 | _aComercio y transporte internacionales |
| 260 |
_aMadrid _bCincel _c1990 |
||
| 300 | 0 |
_a142 p. _bgráfs., tablas, mapas |
|
| 490 | 0 |
_aCuadernos de estudio. Geografía _vv. 11 |
|
| 504 | _aApéndice: documentos de apoyo y ejercicios prácticos - Contiene glosario y bibliografía | ||
| 521 | _aSECUNDARIO | ||
| 650 | 4 | _aHISTORIA COMERCIAL | |
| 650 | 4 | _aCOMERCIO | |
| 650 | 4 | _aTRANSPORTE | |
| 650 | 4 | _aCOMERCIO INTERNACIONAL | |
| 650 | 4 | _aRELACIONES INTERNACIONALES | |
| 650 | 4 | _aGEOGRAFIA ECONOMICA | |
| 650 | 4 | _aHISTORIA DEL TRANSPORTE | |
| 800 | 1 | _aPuyol, Rafael | |
| 942 | _cBK | ||
| 998 | _cHector | ||
| 999 |
_c5589 _d5589 |
||